000 00763nam a2200193 i 4500
001 111306
003 ES-MaACL
005 20230906185259.0
007 t|
008 061121s1947 sp r ||||1| spa d
100 1 _aOliván, Federico,
_d1886-1973
_986743
245 1 0 _aCagliostro, el mago tenebroso
_b: ensayo biográfico sobre la vida y milagros del famoso aventurero y ocultista del siglo XVIII /
_cFederico Oliván ; prólogo de José Antonio de Sangroniz.
260 _aMadrid :
_bMayfe,
_c1947.
300 _aXV, 351 p. ;
_c18 cm.
600 1 4 _aCagliostro, Alessandro
_cconte di.
_933427
700 1 _aDesio, José Antonio de Sangroniz y Castro, Marqués de,
_d1899-1980
_9103145
852 _aES-MaACL
_jC-4017
_bR.23799
999 _c111306
_d111306